|
|
|
|
| LEADER |
00000cam a2200000 a 4500 |
| 001 |
023301 |
| 003 |
UAHC_CL |
| 005 |
20170803122228.0 |
| 008 |
110706s2009 mx 000 spa |
| 020 |
|
|
|a 9781921438349
|
| 040 |
|
|
|a UAHC_CL
|c UAHC_CL
|d UAHC_CL
|
| 100 |
1 |
|
|a Grau, María Isabel
|
| 245 |
1 |
3 |
|a La revolución negra :
|b la rebelión de los esclavos en Haití: 1971-1804 /
|c María Isabel Grau.
|
| 260 |
|
|
|b Ocean sur
|a México
|c 2009
|
| 300 |
|
|
|a 147 p.
|
| 490 |
0 |
|
|a Historias desde abajo
|
| 651 |
|
4 |
|a HAITI
|x HISTORIA
|
| 900 |
|
|
|a 972.9403 GRA
|
| 942 |
|
|
|c BK
|
| 952 |
|
|
|0 0
|1 0
|4 0
|6 972_940300000000000_GRA
|7 0
|8 General
|9 46412
|a BC
|b BC
|c General
|d 2017-08-03
|l 2
|m 1
|o 972.9403 GRA
|p 1379807
|r 2026-01-13 00:00:00
|s 2018-04-02
|t 1
|w 2017-08-03
|y BK
|
| 999 |
|
|
|c 23301
|d 23301
|